Tilastot visalle Eniten juustoa tuottavat valtiot

Klikkaa tästä pelataksesi tätä visaa!

Yleistilastot

  • Tätä visaa on pelattu 103 kertaa
  • Keskiarvotulos 11 / 15

Vastaustilastot

TuotantoValtio% Oikein
5585Yhdysvallat
100%
1886Ranska
99%
1254Italia
95%
664Venäjä
94%
407Kanada
94%
2741Saksa
93%
744Puola
84%
410Yhdistynyt kuningaskunta
80%
311Australia
73%
772Alankomaat
70%
569Tšekki
57%
369Tanska
56%
325Uusi-Seelanti
50%
559Argentiina
43%
629Egypti
28%

Tulosjakauma

Persentiili vastausten määrän mukaan

Jokaisen tuloksen saaneiden osuus

Tuloshistoriasi

Et ole pelannut tätä visaa